<?xml version="1.0" encoding="UTF-8"?>
<record
    xmlns:xsi="http://www.w3.org/2001/XMLSchema-instance"
    xsi:schemaLocation="http://www.loc.gov/MARC21/slim http://www.loc.gov/standards/marcxml/schema/MARC21slim.xsd"
    xmlns="http://www.loc.gov/MARC21/slim">

  <leader>00683cam a22002172  4500</leader>
  <controlfield tag="001">0000000793</controlfield>
  <controlfield tag="005">20151217154327.0</controlfield>
  <controlfield tag="008">070220s        xx            000 0 eng d</controlfield>
  <datafield tag="020" ind1=" " ind2=" ">
    <subfield code="a">0736904425 :</subfield>
  </datafield>
  <datafield tag="040" ind1=" " ind2=" ">
    <subfield code="a">KABU</subfield>
    <subfield code="c">KABU</subfield>
  </datafield>
  <datafield tag="050" ind1=" " ind2="0">
    <subfield code="a">BV4527</subfield>
    <subfield code="b">.C43 2000</subfield>
  </datafield>
  <datafield tag="100" ind1="1" ind2=" ">
    <subfield code="a">Chapman, Annie.</subfield>
    <subfield code="@">0000149152</subfield>
  </datafield>
  <datafield tag="245" ind1="1" ind2="0">
    <subfield code="a">Putting anger in its place /</subfield>
    <subfield code="c">Annie Chapman.</subfield>
  </datafield>
  <datafield tag="260" ind1=" " ind2=" ">
    <subfield code="a">Eugene, Oregon :</subfield>
    <subfield code="b">Harvest House,</subfield>
    <subfield code="c">2000.</subfield>
  </datafield>
  <datafield tag="300" ind1=" " ind2=" ">
    <subfield code="a">xii, 156 p. ;</subfield>
    <subfield code="c">22 cm.</subfield>
  </datafield>
  <datafield tag="600" ind1="1" ind2="0">
    <subfield code="a">Christian women</subfield>
    <subfield code="x">Religious life.</subfield>
    <subfield code="@">0000149153</subfield>
  </datafield>
  <datafield tag="650" ind1=" " ind2="0">
    <subfield code="a">Anger</subfield>
    <subfield code="x">Religious aspects</subfield>
    <subfield code="x">Christianity.</subfield>
    <subfield code="@">0000149154</subfield>
  </datafield>
  <datafield tag="908" ind1=" " ind2=" ">
    <subfield code="a">070220</subfield>
  </datafield>
  <datafield tag="950" ind1=" " ind2=" ">
    <subfield code="@">1</subfield>
  </datafield>
  <datafield tag="999" ind1=" " ind2=" ">
    <subfield code="c">10502</subfield>
    <subfield code="d">10502</subfield>
  </datafield>
  <datafield tag="952" ind1=" " ind2=" ">
    <subfield code="0">0</subfield>
    <subfield code="1">0</subfield>
    <subfield code="2">lcc</subfield>
    <subfield code="7">0</subfield>
    <subfield code="a">KABU</subfield>
    <subfield code="b">KABU</subfield>
    <subfield code="d">2015-12-17</subfield>
    <subfield code="l">0</subfield>
    <subfield code="o">BV4527 .C43 2000</subfield>
    <subfield code="p">000309</subfield>
    <subfield code="r">2015-12-17 00:00:00</subfield>
    <subfield code="w">2015-12-17</subfield>
    <subfield code="y">BK</subfield>
  </datafield>
</record>
